<?xml version="1.0" encoding="UTF-8"?>
<collection xmlns:xsi="http://www.w3.org/2001/XMLSchema-instance" xsi:schemaLocation="http://www.loc.gov/MARC21/slim http://www.loc.gov/standards/marcxml/schema/MARC21slim.xsd" xmlns="http://www.loc.gov/MARC21/slim">
 <record>
  <leader>00000caa a22000004a 4500</leader>
  <controlfield tag="001">UP-8027390931312556281</controlfield>
  <controlfield tag="003">Buklod</controlfield>
  <controlfield tag="005">20210715150914.0</controlfield>
  <controlfield tag="006">o--- |     ||   ||</controlfield>
  <controlfield tag="007">ta</controlfield>
  <controlfield tag="008">210715s        xx     d     r    |||| u|</controlfield>
  <datafield tag="035" ind1=" " ind2=" ">
   <subfield code="a">(iLib)UPCEB-00012051807</subfield>
  </datafield>
  <datafield tag="040" ind1=" " ind2=" ">
   <subfield code="a">emz</subfield>
  </datafield>
  <datafield tag="245" ind1="0" ind2="0">
   <subfield code="a">Diversity Is Not Enough The Importance of Inclusive Pedagogy.</subfield>
  </datafield>
  <datafield tag="300" ind1=" " ind2=" ">
   <subfield code="a">pp. 107-139</subfield>
  </datafield>
  <datafield tag="520" ind1=" " ind2=" ">
   <subfield code="a">In philosophy, much attention has rightly been paid to the need to diversify teaching with regard to who teaches, who is taught, and which authors and questions are the focus of study. Less attention, however, has been paid to inclusive pedagogy?the teaching methods that are used, and how they can make or fail to make classes as accessible as possible to the diverse students who enter them. By drawing on experiences from our own teaching as well as research on student-centered, inclusive best practices, we advocate for five principles of inclusive pedagogy: fostering a growth mindset, examining inclusive conceptions of authority, promoting transparency, encouraging flexibility, and, finally, continually promoting self-reflection for both students and teachers.</subfield>
  </datafield>
  <datafield tag="650" ind1="1" ind2="7">
   <subfield code="a">Philosophy</subfield>
   <subfield code="x">Periodicals.</subfield>
  </datafield>
  <datafield tag="650" ind1="1" ind2="7">
   <subfield code="a">Teaching</subfield>
   <subfield code="x">Periodicals.</subfield>
  </datafield>
  <datafield tag="700" ind1="1" ind2=" ">
   <subfield code="a">Jacquart, M.</subfield>
  </datafield>
  <datafield tag="773" ind1="0" ind2=" ">
   <subfield code="a">Teaching Philosophy.</subfield>
   <subfield code="g">vol. 42, 2.  (June 2019).</subfield>
  </datafield>
  <datafield tag="773" ind1="0" ind2=" ">
   <subfield code="a">https://doi.org/10.5840/teachphil2019417102.</subfield>
  </datafield>
  <datafield tag="942" ind1=" " ind2=" ">
   <subfield code="a">Analytics</subfield>
  </datafield>
 </record>
</collection>
